01081nam a2200277 a 4500001001000000003000900010005001700019007000300036008004100039020001800080040002500098082003100123100002200154245007700176250001200253260002700265300003400292490006300326490004500389500007300434500010100507504003200608651005700640830006200697830004400759000047805DO-SdBNP20220506131911.0ta180810s2015 cu b r 000 0 spa d a9789945462784 aDO-SdBNPbspacBNPHU 4a972.93054bM843p, 20152221 aMoreno, José A.13aEl pueblo en armas :brevolución en Santo Domingo /cJosé A. Moreno. a4ta ed. aCuba :bTecnos,c2015. a431 p. :bil., map. ;c23 cm. a50 aniversario de la Gesta Patriotica de abril de 1965;v8 aAcademia Dominicana de la Historia;v129 aIncluye referencias bibliográficas y notas al pie de las páginas aIncluye datos biográficos del autor en la solapa de la cubierta e índice de tablas y figuras aBibliografía : p. 417-431 4aRepública DominicanaxHistoriayRevolución, 1965 0a50 aniversario de la Gesta Patriotica de abril de 1965n8 0aAcademia Dominicana de la Historian129